Music Quiz

Random Music or Artist Quiz

Opening Lyrics - Rap Quiz Stats

 Plays Quiz Updated Feb 18, 2020

Support Sporcle.
Go Orange.
Score 0/20 Timer 06:00
4 Plays Today
Lyric Song % Correct
If you're havin' girl problems, I feel bad for you, son99 Problems
88.8%
They see me rollin', they hatin'Ridin'
73.9%
Go shorty, it's your birthday, we gonna party like it's your birthdayIn da Club
68.9%
As I walk through the valley of the shadow of death, I take a look at my life and realize there's nothing leftGangsta's Paradise
55%
Pack it up, pack it in, let me begin, I came to win, battle me, that's a sinJump Around
42.6%
To all the ladies in the place with style and graceBig Poppa
36.4%
I said a-hip hop, the hippie to the hippie, to the hip hip hop, a' you don't stopRapper's Delight
35.6%
I gotta testify, come up in the spot looking extra flyTouch the Sky
32.9%
This speech is my recital, I think it's very vital, to rock a rhyme that's right on timeIt's Tricky
30.4%
Ya'll know me, still the same ol' G, but I been low keyForgot About Dre
29.8%
Lyric Song % Correct
Hmmm, I'm going down down baby, yo' street in a Range RoverCountry Grammar
28.8%
Who you tryin' to get crazy with, ese? Don't you know I'm loco?Insane in the Brain
18.3%
All I wanna do is zoom-a-zoom-zoom-zoom and a poom-poomRump Shaker
17.2%
Me, I'm supa fly, supa dupa flyThe Rain (Supa Dupa Fly)
9.4%
Clap your hands everybody, if you got what it takesThe Breaks
9.3%
Inslumnational, underground, thunder pounds when I stomp the groundB.O.B.
7.6%
Mirror mirror on the wall, tell me mirror, what is wrong?Me Myself and I
6.9%
1989, the number another summer (get down), sound of the funky drummerFight The Power
6.6%
What's up darlin', I been keeping my eye on your movementDance wiv Me
6.4%
All you Trekkies and TV addicts, don't mean to dis, don't mean to bring staticCh-Check It Out
6%

From the Vault

Airport Namesakes

by dancastro

Some people really do believe they can fly.
Remove Ads.
Support Sporcle.
Get the best of Sporcle when you Go Orange. This ad-free experience offers more features, more stats, and more fun while also helping to support Sporcle. Thank you for becoming a member.

Show Comments

Extras

Top Quizzes Today


Score Distribution

Your Account Isn't Verified!

In order to create a playlist on Sporcle, you need to verify the email address you used during registration. Go to your Sporcle Settings to finish the process.

Report this User

Report this user for behavior that violates our Community Guidelines.

Details: